| 000 | 00666aam a2200265 4500 | ||
|---|---|---|---|
| 005 | 20160822142514.0 | ||
| 008 | 150721b xxu||||| |||| 00| 0 spa d | ||
| 041 | _aEspañol | ||
| 082 |
_a972.861 _bM519m12 |
||
| 100 |
_aMeléndez Chaverri, Carlos _93973 |
||
| 100 |
_aDuncan,Quince _914952 |
||
| 245 | _aEl negro en Costa Rica | ||
| 260 | _aCosta Rica | ||
| 260 | _bCosta Rica | ||
| 260 | _c2011 | ||
| 300 | _a278 páginas | ||
| 650 |
_aNEGRO _914953 |
||
| 650 |
_aCOSTA RICA _914954 |
||
| 650 |
_aLIMÓN _94425 |
||
| 650 |
_aVIDA SOCIAL _97539 |
||
| 650 |
_aCOSTUMBRES _94420 |
||
| 650 |
_aHISTORIA _943 |
||
| 650 |
_aTRADICIONES _94421 |
||
| 942 | _cBK | ||
| 999 |
_c140 _d140 |
||